000 00520nam a22001577a 4500
005 20251108164237.0
008 250721s1989 xx 000 0 ara d
082 1 4 _a311/عدس
100 1 _aعدس، عبد الرحمن
245 1 0 _aمبادىء الإحصاء لبرنامج الأعمال الإدارية و المالية في كليات المجتمع /
264 1 _aعمان :
_bدار الفكر للنشر،
_c1989.
300 _a254ص.
650 1 7 _aالإحصاءات
942 _2ddc
_cBK
999 _c7300
_d7300